01399nas a2200241 454500001000500000005001700005008003700022003001500059040004000074080003500114245005700149022001400206264003100220310005000251505058100301041000800882100002400890700005600914650003600970650002201006650002001028856010901048117420260407193503.0260407s1961####ag###########|||spa#dAR-UNSa-BCEJYS aAR-UNSa-BCEJYSbspacAR-UNSa-BCEJYS a330.34xDesarrollo Económico10aDesarrollo económicoprevista de ciencias sociales a0046-001X 1aBuenos Aires :bIDESc1961 aFrecuencia Trimestral Colección incompleta  aCambia de Director a partir del Vol. 2, Nº 1 por Miguel Teubal Cambia de Director a partir del Vol. 4, Nº 16 por Ezequiel Luis Gallo (h) Cambia de Director a partir del Vol. 20 por Nicolás Sanchez-Albornoz Cambia de Director a partir del Nº 26 por Javier Villanueva Cambia de Director a partir del Nº 41 por Torcuato S. Di Tella Cambia de Director a partir del Nº 61 por Adolfo Canitrot Cambia de Director a partir del Nº 84 por Héctor L. Dieguez Cambia de Director a partir del Nº 102 por Alfredo Monza Cambia de Director a partir del Nº 131 por Juan Carlos Torre aspa1 aGortari, Pedro Abel1 aIDES (Instituto de Desarrollo Económico y Social) aDesarrollo económico y social aCiencias sociales a6.25 Economía41uhttps://biblioeco.unsa.edu.ar/pmb/images/revistas/Desarrolo Econ?mico.jpgyImagen de portadaqimage/jpeg